Nutriční toxikologie /

Hlavní autor: Patočka, Jiří, 1939-
Jazyk: Čeština
Vydáno: České Budějovice : Jihočeská univerzita v Českých Budějovicích, Zdravotně sociální fakulta, 2008
Vydání: 1. vyd.
Témata:
Externí odkaz: Digitalizovaný dokument
Fyzický popis: 71 s. ; 30 cm
Knihy
Uloženo v:
LEADER 01452nam a2200385 a 4500
001 nkc20081788624
003 CZ PrNK
005 20080515082437.0
007 ta
008 080318s2008 xr e p 000 0 cze
015 |a cnb001788624 
020 |a 978-80-7394-055-3  |q (brož.) 
035 |a (OCoLC)236554947 
040 |a ABA001  |b cze  |d OLA001 
072 7 |a 613  |x Hygiena. Lidské zdraví  |2 Konspekt  |9 14 
072 7 |a 37.016  |x Učební osnovy. Vyučovací předměty. Učebnice  |2 Konspekt  |9 22 
080 |a 613.2:615.9  |2 MRF 
080 |a (075.8)  |2 MRF 
100 1 |a Patočka, Jiří,  |d 1939-  |7 jn20000401939  |4 aut 
245 1 0 |a Nutriční toxikologie /  |c Jiří Patočka a kolektiv 
250 |a 1. vyd. 
260 |a České Budějovice :  |b Jihočeská univerzita v Českých Budějovicích, Zdravotně sociální fakulta,  |c 2008 
300 |a 71 s. ;  |c 30 cm 
500 |a 200 výt. 
504 |a Obsahuje bibliografie 
650 0 7 |a nutriční toxikologie  |7 ph451666  |2 czenas 
650 0 9 |a nutritive toxicology  |2 eczenas 
655 7 |a učebnice vysokých škol  |7 fd133772  |2 czenas 
655 9 |a textbooks (higher)  |2 eczenas 
856 4 1 |u http://www.digitalniknihovna.cz/mzk/uuid/uuid:3382f4a0-0a4d-11e8-a0cf-005056827e52  |y Digitalizovaný dokument  |x NDK 
910 2 |a BOA001  |b 4-1201.033 
990 |a BK 
995 |a 01 
991 |b 200804  |c NOV 
996 6 |b 2610337823  |c 4-1201.033  |l MZK  |r Sklad / do 1 hodiny  |n 28  |p p.v.  |w 000888549  |u 000010  |a 1  |e BOA001  |j MZK50  |s P